| 000 | 00485nam a2200169 i 4500 | ||
|---|---|---|---|
| 001 | 42402 | ||
| 003 | ES-MaACL | ||
| 005 | 20230906160614.0 | ||
| 007 | t| | ||
| 008 | 030313s1968 sp ||||1| spa d | ||
| 100 | 1 |
_aCastrillo, Juan María. _936813 |
|
| 245 | 1 | 0 |
_aJuan XXIII _b: una vida mariana / _cJuan María Castrillo. |
| 260 |
_aMadrid : _bCoclusa, _c[1968] |
||
| 300 |
_a310 p. ; _c20 cm. |
||
| 600 | 0 | 4 |
_aJuan _bXIII _cPapa, Santo. _967136 |
| 852 |
_aES-MaACL _jG-4529 _bR.65711 |
||
| 999 |
_c42402 _d42402 |
||